00394 2200157 4500001002100000005001500021035002000036245004600056100001700102300002700119260003400146082000800180084001400188020002200202990001200224INLIS00000000000184520250508015444 a0010-05250001371 aAtlas Indonesia dan Dunia /cTim Penyusun0 aTim Penyusun a96 hlm ;c15,5 x 23 cm aSurabaya :bSerba Jaya,c2014 a900 a900 TIM a a978-902-233-028-8 a0754756